Top 10 des fruits les plus consommés du monde - Statistiques

Statistiques générales
  • Ce quiz a été pris 1 244 fois
  • Le résultat moyen est 8 sur 10
Statistiques - réponses
Hint Réponse % Correct
1 Pomme
97%
2 Banane
96%
5 Fraise
94%
9 Poire
90%
3 Orange
85%
8 Mangue
73%
10 Cerise
69%
4 Raisin
69%
6 Pastèque
67%
7 Ananas
65%
Aucun quiz correspondant
Distribution des résultats
% des personnes avec chaque résultat
Percentile par nombre de réponses
Votre historique - résultats
Vous n’avez pas pris ce quiz